[Event "Chigorin Memorial 27th"]
[Site "St Petersburg"]
[Date "2019.10.11"]
[Round "7"]
[White "Gitelson, Arkady"]
[Black "Skvortsov, Alexander"]
[Result "1-0"]
[WhiteElo "2282"]
[BlackElo "2092"]
[PlyCount "61"]
[EventDate "2019.10.05"]
[EventType "swiss"]
[EventRounds "9"]
[EventCountry "RUS"]
[SourceTitle "EXT 2021"]
[Source "ChessBase"]
[SourceDate "2020.10.23"]
[SourceVersion "1"]
[SourceVersionDate "2020.10.23"]
[SourceQuality "1"]

1. Nf3 Nf6 2. g3 g6 3. Bg2 Bg7 4. 0-0 0-0 5. d4 d5 6. Ne5 c6 7. c4 e6 8. Nc3 Nbd7 9. f4 Nxe5 10. fxe5 Nd7 11. cxd5 exd5 12. e4 Nb6 13. exd5 cxd5 14. a4 Be6 15. a5 Nc4 16. Qa4 b6 17. a6 Rc8 18. Qb5 Kh8 19. Nxd5 Nxe5 20. dxe5 Rc5 21. Qd3 Bxd5 22. Rd1 Qc7 23. Bxd5 Rd8 24. Qf3 Rdxd5 25. Rxd5 Rxc1+ 26. Rxc1 Qxc1+ 27. Qd1 Qe3+ 28. Kg2 Bxe5 29. Qf3 Qe1 30. Qxf7 Qe4+ 31. Kh3 1-0

[Event "Chigorin Memorial 27th"]
[Site "St Petersburg"]
[Date "2019.10.10"]
[Round "6"]
[White "Skvortsov, Alexander"]
[Black "Nesterov, Arseniy"]
[Result "0-1"]
[WhiteElo "2092"]
[BlackElo "2473"]
[PlyCount "45"]
[EventDate "2019.10.05"]
[EventType "swiss"]
[EventRounds "9"]
[EventCountry "RUS"]
[SourceTitle "EXT 2020"]
[Source "ChessBase"]
[SourceDate "2019.10.17"]
[SourceVersion "1"]
[SourceVersionDate "2019.10.17"]
[SourceQuality "1"]

1. e4 e5 2. Nc3 Nc6 3. g3 Bc5 4. Bg2 h5 5. h3 d6 6. d3 Be6 7. Nf3 h4 8. g4 Nge7 9. Na4 Ng6 10. Nxc5 dxc5 11. 0-0 Qe7 12. a3 0-0-0 13. Qe2 f6 14. Be3 Nf4 15. Bxf4 exf4 16. b4 Bxg4 17. hxg4 h3 18. Bh1 h2+ 19. Nxh2 Nd4 20. Qd2 Rxh2 21. Kxh2 Rh8+ 22. Kg1 f3 23. Rfe1 0-1

[Event "Chigorin Memorial 27th"]
[Site "St Petersburg"]
[Date "2019.10.06"]
[Round "2"]
[White "Skvortsov, Alexander"]
[Black "Ponfilenok, Vladimir"]
[Result "0-1"]
[WhiteElo "2092"]
[BlackElo "2348"]
[PlyCount "92"]
[EventDate "2019.10.05"]
[EventType "swiss"]
[EventRounds "9"]
[EventCountry "RUS"]
[SourceTitle "EXT 2020"]
[Source "ChessBase"]
[SourceDate "2019.10.17"]
[SourceVersion "1"]
[SourceVersionDate "2019.10.17"]
[SourceQuality "1"]

1. e4 e6 2. d4 d5 3. Nc3 Bb4 4. e5 Ne7 5. a3 Bxc3+ 6. bxc3 c5 7. Nf3 b6 8. h4 Ba6 9. Bxa6 Nxa6 10. h5 h6 11. Qd3 Nb8 12. a4 Qc7 13. a5 c4 14. Qe3 b5 15. Ba3 Qxa5 16. Kd2 Qb6 17. Qf4 a5 18. Bc5 Qb7 19. Rhb1 Nd7 20. Bd6 Qc6 21. Kd1 Nb6 22. g4 Na4 23. Rxa4 bxa4 24. Qc1 Qd7 25. Rb2 0-0 26. Qb1 Ra7 27. Bc5 Rc7 28. Bd6 a3 29. Bxa3 a4 30. Rb6 Ra8 31. Bd6 Rca7 32. Bb8 Ra6 33. Rb7 Qe8 34. Bd6 Nc6 35. g5 a3 36. gxh6 a2 37. Qa1 gxh6 38. Ke2 Kh7 39. Nh4 Qg8 40. Ng6 R6a7 41. Rxa7 Rxa7 42. Nf8+ Kh8 43. Bc5 Qg4+ 44. f3 Qg2+ 45. Ke3 Ra8 46. Nd7 Qxc2 0-1

[Event "Chigorin Memorial 22nd"]
[Site "St Petersburg"]
[Date "2014.10.22"]
[Round "5"]
[White "Shemeakin, Alexander"]
[Black "Skvortsov, Alexander"]
[Result "1-0"]
[WhiteElo "2270"]
[BlackElo "2099"]
[PlyCount "83"]
[EventDate "2014.10.18"]
[EventType "swiss"]
[EventRounds "9"]
[EventCountry "RUS"]
[SourceTitle "EXT 2015"]
[Source "ChessBase"]
[SourceDate "2014.11.20"]
[SourceVersion "1"]
[SourceVersionDate "2014.11.20"]
[SourceQuality "1"]

1. d4 Nf6 2. c4 c5 3. d5 b5 4. Nf3 g6 5. cxb5 a6 6. Qc2 d6 7. e4 Bg7 8. Nc3 0-0 9. a4 e6 10. dxe6 fxe6 11. e5 Nd5 12. Bg5 Qa5 13. exd6 axb5 14. Bd2 Nb4 15. Qd1 N8c6 16. Bxb5 Bb7 17. 0-0 Rad8 18. Bg5 Nd4 19. Nxd4 cxd4 20. Bxd8 Qxd8 21. Ne2 Qxd6 22. Qb3 Kh8 23. Ng3 Nd5 24. Ne4 Qe7 25. Rfe1 Nf4 26. Rac1 Nxg2 27. Kxg2 Bxe4+ 28. Kf1 Qf7 29. Qg3 Qf5 30. Bc6 Bd3+ 31. Kg1 e5 32. Rc5 Ba6 33. Be4 Qh5 34. b4 d3 35. f3 d2 36. Rd1 Rd8 37. b5 Qh6 38. bxa6 Qe3+ 39. Qf2 Bh6 40. Kg2 Qb3 41. Qe2 Qxa4 42. Rd5 1-0

[Event "Chigorin Memorial 22nd"]
[Site "St Petersburg"]
[Date "2014.10.21"]
[Round "4"]
[White "Skvortsov, Alexander"]
[Black "Shapianov, Adam"]
[Result "1-0"]
[WhiteElo "2099"]
[BlackElo "1807"]
[PlyCount "81"]
[EventDate "2014.10.18"]
[EventType "swiss"]
[EventRounds "9"]
[EventCountry "RUS"]
[SourceTitle "EXT 2015"]
[Source "ChessBase"]
[SourceDate "2014.11.20"]
[SourceVersion "1"]
[SourceVersionDate "2014.11.20"]
[SourceQuality "1"]

1. e4 c5 2. Nf3 e6 3. d4 cxd4 4. Nxd4 a6 5. Bd3 Qc7 6. 0-0 Bd6 7. f4 Bc5 8. c3 Nc6 9. Kh1 Nf6 10. Nb3 Ba7 11. Qe2 Qb6 12. e5 Nd5 13. Na3 Ne3 14. Re1 Nd5 15. Bd2 Qf2 16. Qg4 Kf8 17. Re2 h5 18. Qg5 f6 19. exf6 gxf6 20. Qg6 Nce7 21. Qe4 Qh4 22. c4 Nc7 23. Nd4 Kf7 24. Nac2 b6 25. Bb4 Qg4 26. Bd6 f5 27. Qe3 Ne8 28. Bxe7 Kxe7 29. Nxf5+ Kd8 30. h3 Qg8 31. Be4 Rb8 32. Nfd4 Nd6 33. Bf3 Nxc4 34. Qd3 Nd6 35. Rd1 Qf8 36. Qc3 Rh7 37. Red2 Ke8 38. Nxe6 dxe6 39. Rxd6 Bd7 40. Qc7 Rc8 41. Bxh5+ 1-0

[Event "Chigorin Memorial 20th"]
[Site "St Petersburg"]
[Date "2012.11.04"]
[Round "9"]
[White "Skvortsov, Alexander"]
[Black "Mitiushkin, Marat"]
[Result "1/2-1/2"]
[WhiteElo "2110"]
[BlackElo "1953"]
[PlyCount "151"]
[EventDate "2012.10.27"]
[EventType "swiss"]
[EventRounds "9"]
[EventCountry "RUS"]
[SourceTitle "EXT 2013"]
[Source "ChessBase"]
[SourceDate "2012.11.22"]
[SourceVersion "1"]
[SourceVersionDate "2012.11.22"]
[SourceQuality "1"]

1. e4 Nc6 2. Nf3 d5 3. exd5 Qxd5 4. Nc3 Qd8 5. Bc4 Nf6 6. h3 e6 7. d4 Be7 8. 0-0 0-0 9. Bf4 a6 10. Qd2 b5 11. Bd3 Nb4 12. Be2 Nbd5 13. Bg3 Nxc3 14. Qxc3 Ne4 15. Qxc7 Nxg3 16. Qxg3 Bd6 17. Qg5 Qc7 18. c3 Bb7 19. Qd2 Rfd8 20. a4 Bc6 21. axb5 axb5 22. Qc2 Qb7 23. b3 Be7 24. Ra2 Bf6 25. Rxa8 Qxa8 26. b4 g6 27. Qb2 Qb7 28. Ra1 Ra8 29. Ra3 Kg7 30. Qa1 Rxa3 31. Qxa3 h5 32. Qa5 g5 33. Ne1 g4 34. hxg4 hxg4 35. Bxg4 e5 36. dxe5 Bxe5 37. c4 Bc3 38. c5 Qe7 39. Nf3 Bxf3 40. gxf3 Qe1+ 41. Kg2 Bd4 42. Qa2 Qxb4 43. c6 Qc5 44. Bd7 Qg5+ 45. Kf1 Be5 46. Ke2 Qf4 47. Qd5 Qc4+ 48. Qd3 Kf6 49. Kd2 Qxd3+ 50. Kxd3 Ke7 51. Ke4 Bd6 52. Kd5 b4 53. Kc4 b3 54. Kxb3 Bc5 55. Bf5 Kd6 56. Be4 f6 57. Kc4 Bxf2 58. Kb5 Bd4 59. Ka6 Kc7 60. Kb5 Kd6 61. Kc4 Ba1 62. Kd3 Kc7 63. Ke3 Kd6 64. Kf4 Be5+ 65. Kf5 Bb2 66. Kg6 Bc3 67. Kf7 Bd4 68. Ke8 Kc7 69. Bd5 Be5 70. Ke7 Ba1 71. f4 Bb2 72. Ke6 Bc3 73. Ke7 Bd4 74. Ke6 Ba1 75. Ke7 Bb2 76. Ke6 1/2-1/2

[Event "Chigorin Memorial 20th"]
[Site "St Petersburg"]
[Date "2012.10.31"]
[Round "5"]
[White "Buchenau, Frank"]
[Black "Skvortsov, Alexander"]
[Result "1-0"]
[WhiteElo "2324"]
[BlackElo "2110"]
[PlyCount "107"]
[EventDate "2012.10.27"]
[EventType "swiss"]
[EventRounds "9"]
[EventCountry "RUS"]
[SourceTitle "EXT 2013"]
[Source "ChessBase"]
[SourceDate "2012.11.22"]
[SourceVersion "1"]
[SourceVersionDate "2012.11.22"]
[SourceQuality "1"]

1. e4 c5 2. d3 Nc6 3. f4 g6 4. Nf3 Bg7 5. Be2 d6 6. 0-0 Nf6 7. c3 0-0 8. Kh1 b6 9. Be3 c4 10. dxc4 Bb7 11. Nbd2 Ng4 12. Bg1 e5 13. h3 Nh6 14. fxe5 Nxe5 15. Nxe5 Bxe5 16. Be3 Kg7 17. Bf3 Rc8 18. Qa4 Qh4 19. Qxa7 Qg3 20. Bg1 Bc6 21. Rfd1 g5 22. Nf1 Qh4 23. Ne3 Kh8 24. Rf1 Rg8 25. Ng4 Nxg4 26. Bxg4 Bxe4 27. Bf2 Qh6 28. Rad1 Rxc4 29. Bd4 f5 30. Bxe5+ dxe5 31. Qe7 Bxg2+ 32. Kxg2 fxg4 33. Qxe5+ Qg7 34. Qxg7+ Rxg7 35. Rf8+ Rg8 36. Rxg8+ Kxg8 37. Rd6 gxh3+ 38. Kxh3 b5 39. Rd5 g4+ 40. Kh4 b4 41. Rg5+ Kf7 42. Rxg4 Rxg4+ 43. Kxg4 bxc3 44. bxc3 Ke6 45. Kh5 Kd5 46. Kh6 Kc4 47. a4 Kc5 48. Kxh7 Kb6 49. c4 Ka5 50. c5 Ka6 51. Kg6 Kb7 52. a5 Kc6 53. a6 Kc7 54. Kf6 1-0

[Event "St Petersburg-ch sf 85th"]
[Site "St Petersburg"]
[Date "2012.02.04"]
[Round "8.12"]
[White "Skvortsov, Alexander"]
[Black "Korennoi, Viktor"]
[Result "0-1"]
[WhiteElo "2169"]
[BlackElo "2251"]
[PlyCount "60"]
[EventDate "2012.01.28"]
[EventType "swiss"]
[EventRounds "9"]
[EventCountry "RUS"]
[SourceTitle "CBM 146 Extra"]
[Source "ChessBase"]
[SourceDate "2012.02.29"]
[SourceVersion "1"]
[SourceVersionDate "2012.02.29"]
[SourceQuality "1"]

1. e4 c5 2. Nf3 Nc6 3. Bb5 e6 4. Bxc6 bxc6 5. 0-0 Ne7 6. Nc3 d5 7. d3 Ng6 8. Qe2 Be7 9. Ne1 e5 10. b3 0-0 11. Na4 f5 12. c4 Kh8 13. Kh1 fxe4 14. dxe4 dxe4 15. Be3 Bf5 16. g3 Qa5 17. Ng2 Rad8 18. h4 Bh3 19. Rfd1 Rde8 20. Qd2 Qc7 21. Nxc5 Qc8 22. Rg1 Bg4 23. Kh2 Rd8 24. Qc2 Bf3 25. Ne1 Qg4 26. Nxf3 exf3 27. Qe4 Rf4 28. Bxf4 Nxf4 29. Qxf4 exf4 30. Rgd1 Rd4 0-1

[Event "St Petersburg-ch sf 85th"]
[Site "St Petersburg"]
[Date "2012.02.02"]
[Round "6.14"]
[White "Skvortsov, Alexander"]
[Black "Ivanov, Miroslav"]
[Result "1-0"]
[WhiteElo "2169"]
[BlackElo "2070"]
[PlyCount "55"]
[EventDate "2012.01.28"]
[EventType "swiss"]
[EventRounds "9"]
[EventCountry "RUS"]
[SourceTitle "CBM 146 Extra"]
[Source "ChessBase"]
[SourceDate "2012.02.29"]
[SourceVersion "1"]
[SourceVersionDate "2012.02.29"]
[SourceQuality "1"]

1. e4 c5 2. Nf3 Nc6 3. Bb5 Nd4 4. Nxd4 cxd4 5. 0-0 e6 6. d3 Qa5 7. Bc4 Nf6 8. Nd2 b5 9. Bb3 d6 10. f4 Nd7 11. Nf3 Qb6 12. a4 bxa4 13. Bxa4 Be7 14. f5 e5 15. Nd2 0-0 16. Bxd7 Bxd7 17. Nc4 Qc7 18. Qg4 Rfc8 19. Rf3 Qd8 20. Rh3 g6 21. Ra6 Kh8 22. Nxd6 Bxd6 23. Rxd6 Rxc2 24. Rxh7+ Kxh7 25. fxg6+ Kg7 26. Bh6+ Kh8 27. Rxd7 Qf6 28. Rxf7 1-0

[Event "St Petersburg-ch sf 85th"]
[Site "St Petersburg"]
[Date "2012.01.29"]
[Round "2.15"]
[White "Skvortsov, Alexander"]
[Black "Gorbatenko, Alexander"]
[Result "0-1"]
[WhiteElo "2169"]
[BlackElo "2082"]
[PlyCount "90"]
[EventDate "2012.01.28"]
[EventType "swiss"]
[EventRounds "9"]
[EventCountry "RUS"]
[SourceTitle "CBM 146 Extra"]
[Source "ChessBase"]
[SourceDate "2012.02.29"]
[SourceVersion "1"]
[SourceVersionDate "2012.02.29"]
[SourceQuality "1"]

1. e4 c5 2. Nf3 Nc6 3. Nc3 g6 4. d4 cxd4 5. Nxd4 Bg7 6. Be3 Nf6 7. Bc4 0-0 8. Bb3 a5 9. a4 Ng4 10. Nxc6 Nxe3 11. Nxd8 Nxd1 12. Rxd1 Bxc3+ 13. bxc3 Rxd8 14. 0-0 d6 15. e5 Ra6 16. Rd2 Kg7 17. f4 Rc6 18. Re1 Kf8 19. Re3 Bf5 20. h3 h5 21. Kf2 h4 22. Rde2 e6 23. Rd2 Ke7 24. exd6+ Rcxd6 25. Rxd6 Rxd6 26. Ke2 f6 27. Ke1 Kd7 28. Ke2 Kc6 29. Bc4 Bxc2 30. Bxe6 Bxa4 31. Bf7 Bc2 32. Re8 Kb5 33. Rh8 Ka4 34. Rxh4 Ka3 35. Rh8 Kb2 36. Ra8 a4 37. f5 g5 38. Ra7 b6 39. c4 Bb3 40. c5 bxc5 41. Rb7 Ka3 42. Be8 c4 43. Bb5 c3 44. Bd3 c2 45. Rc7 Kb2 0-1

[Event "St Petersburg Autumn op"]
[Site "St Petersburg"]
[Date "2011.10.29"]
[Round "2"]
[White "Safronov, Kirill"]
[Black "Skvortsov, Alexander"]
[Result "1/2-1/2"]
[WhiteElo "1932"]
[BlackElo "2179"]
[PlyCount "105"]
[EventDate "2011.10.28"]
[EventType "swiss"]
[EventRounds "9"]
[EventCountry "RUS"]
[SourceTitle "EXT 2013"]
[Source "ChessBase"]
[SourceDate "2012.11.22"]
[SourceVersion "1"]
[SourceVersionDate "2012.11.22"]
[SourceQuality "1"]

1. e4 c5 2. Nf3 e6 3. d4 cxd4 4. Nxd4 a6 5. Nc3 Qc7 6. Be2 Nf6 7. 0-0 Be7 8. Be3 0-0 9. f4 d6 10. Qd2 Nc6 11. Rad1 Rd8 12. Qe1 Bd7 13. Qf2 Re8 14. g4 Nxd4 15. Bxd4 Bc6 16. Qe3 b5 17. g5 Nd7 18. e5 b4 19. exd6 Bxd6 20. Ne4 Bxe4 21. Qxe4 e5 22. fxe5 Nxe5 23. Qg2 Qxc2 24. Rc1 Qg6 25. Bxe5 Bxe5 26. Bc4 Ra7 27. Rce1 h6 28. gxh6 Bd4+ 29. Kh1 Qxg2+ 30. Kxg2 Rxe1 31. Rxe1 Bxb2 32. Re8+ Kh7 33. hxg7 Kxg7 34. Rb8 a5 35. Bd5 Kf6 36. Ra8 Rxa8 37. Bxa8 Ke5 38. Bc6 Kd4 39. Kf3 Bc1 40. Ba4 Kc3 41. Ke4 Kb2 42. Bb3 f6 43. h4 Ka3 44. Kf5 a4 45. Bd5 Kb2 46. Kxf6 Bd2 47. h5 Bc3+ 48. Kf7 Bd2 49. Kg6 b3 50. Bxb3 axb3 51. axb3 Kxb3 52. h6 Bxh6 53. Kxh6 1/2-1/2

[Event "Chigorin Memorial 19th"]
[Site "St Petersburg"]
[Date "2011.10.20"]
[Round "7"]
[White "Skvortsov, Alexander"]
[Black "Shchukin, Dmitry"]
[Result "1/2-1/2"]
[WhiteElo "2179"]
[BlackElo "2344"]
[PlyCount "134"]
[EventDate "2011.10.14"]
[EventType "swiss"]
[EventRounds "9"]
[EventCountry "RUS"]
[SourceTitle "CBM 144 Extra"]
[Source "ChessBase"]
[SourceDate "2011.10.28"]
[SourceVersion "1"]
[SourceVersionDate "2011.10.28"]
[SourceQuality "1"]

1. e4 c5 2. Nf3 d6 3. d4 cxd4 4. Nxd4 Nf6 5. Nc3 g6 6. Be3 Bg7 7. f3 a6 8. Be2 b5 9. 0-0 Bb7 10. Qd2 0-0 11. a4 b4 12. Na2 a5 13. c3 bxc3 14. Nxc3 Nbd7 15. Ndb5 d5 16. exd5 Nb6 17. d6 Nfd5 18. Bd4 exd6 19. Bxg7 Kxg7 20. Qd4+ f6 21. Nxd5 Nxd5 22. Bc4 Nb6 23. Be6 Bc6 24. Nxd6 Bxa4 25. Qc5 Nd7 26. Bxd7 Qxd7 27. Rfe1 Kh8 28. Re4 Bb3 29. Rae1 Qa7 30. Qxa7 Rxa7 31. Re7 Rxe7 32. Rxe7 Kg8 33. Kf2 a4 34. Ke3 Rb8 35. Re8+ Rxe8+ 36. Nxe8 Kf7 37. Nd6+ Ke6 38. Ne4 Bc2 39. Kd4 Kf5 40. Nd2 h5 41. g3 Bd1 42. Kd5 g5 43. Kd4 h4 44. gxh4 gxh4 45. Ke3 Ke5 46. Nc4+ Kd5 47. Nd2 Bc2 48. Nf1 Bf5 49. Nd2 Bg6 50. Nf1 Be8 51. Nd2 Bc6 52. Nf1 Ke5 53. Nd2 Bd5 54. Nb1 Kf5 55. Nc3 Bc6 56. Ne2 Kg5 57. Nd4 Bd5 58. Ne2 f5 59. Nf4 Bc4 60. Nh3+ Kf6 61. Nf4 Bb5 62. Ng2 Kg5 63. Nf4 Bc4 64. Ng2 Bf7 65. Nf4 Kf6 66. Nd3 Kg5 67. Nf4 Bc4 1/2-1/2

[Event "Chigorin Memorial 19th"]
[Site "St Petersburg"]
[Date "2011.10.18"]
[Round "5"]
[White "Skvortsov, Alexander"]
[Black "Bezulenko, Evgeny"]
[Result "1-0"]
[WhiteElo "2179"]
[BlackElo "1953"]
[PlyCount "197"]
[EventDate "2011.10.14"]
[EventType "swiss"]
[EventRounds "9"]
[EventCountry "RUS"]
[SourceTitle "CBM 144 Extra"]
[Source "ChessBase"]
[SourceDate "2011.10.28"]
[SourceVersion "1"]
[SourceVersionDate "2011.10.28"]
[SourceQuality "1"]

1. e4 g6 2. d4 Bg7 3. Nc3 d6 4. Bg5 c5 5. dxc5 Qa5 6. Bd2 Qxc5 7. Nd5 Bd7 8. Bb4 Qc8 9. Nf3 Nc6 10. Bc3 Bxc3+ 11. Nxc3 Nf6 12. Bd3 0-0 13. 0-0 Bg4 14. h3 Bxf3 15. Qxf3 Ne5 16. Qe2 Qc5 17. Kh2 Rac8 18. f4 Nc4 19. Na4 Qc6 20. b3 Na3 21. c4 a6 22. Rac1 Qe8 23. Nc3 b5 24. cxb5 axb5 25. Nxb5 Nxb5 26. Bxb5 Qd8 27. a4 Qb6 28. Rc4 Rxc4 29. Bxc4 e6 30. Qf3 Nd7 31. Rd1 Nc5 32. Re1 Rc8 33. f5 gxf5 34. exf5 d5 35. Bb5 Qd6+ 36. Qg3+ Qxg3+ 37. Kxg3 exf5 38. b4 Ne6 39. Bd7 Rc3+ 40. Kf2 Rb3 41. a5 Rxb4 42. a6 Rb6 43. Ra1 Nc7 44. a7 Na8 45. Rc1 Kg7 46. Bc6 Rb2+ 47. Kg3 Nb6 48. Ra1 Rc2 49. Bxd5 Rc3+ 50. Kh2 Rc5 51. Bf3 Rc8 52. Rb1 Rc7 53. Rxb6 Rxa7 54. Kg3 Ra4 55. Rb7 Rd4 56. Rb6 f6 57. Kf2 Kg6 58. Ke3 Ra4 59. Rd6 h5 60. Rd8 h4 61. Rd4 Ra3+ 62. Kd2 Kg5 63. Ke2 Ra5 64. Kf2 Rc5 65. Rd8 Rc2+ 66. Be2 f4 67. Rh8 Rb2 68. Rh5+ Kg6 69. Rxh4 Kg5 70. Rh8 Kg6 71. Kf3 Rb4 72. Rc8 f5 73. Rc4 Rb2 74. Rxf4 Rb3+ 75. Kf2 Kg5 76. Rf3 Rb2 77. Rc3 Rd2 78. Rg3+ Kh4 79. Rg8 f4 80. Rg4+ Kh5 81. Rxf4+ Kh6 82. Ke3 Rd6 83. Bd3 Re6+ 84. Re4 Rb6 85. Re5 Rb2 86. Be4 Ra2 87. Kf4 Rf2+ 88. Bf3 Rb2 89. Re6+ Kg7 90. g4 Rb4+ 91. Kg3 Rb3 92. h4 Ra3 93. g5 Ra4 94. h5 Rb4 95. h6+ Kf7 96. Rf6+ Kg8 97. g6 Rb8 98. Bd5+ Kh8 99. g7+ 1-0

[Event "St Petersburg Botvinnik 100 op"]
[Site "St Petersburg"]
[Date "2011.08.15"]
[Round "4"]
[White "Barhudarian, Rafael"]
[Black "Skvortsov, Alexander"]
[Result "1-0"]
[WhiteElo "2325"]
[BlackElo "2103"]
[PlyCount "107"]
[EventDate "2011.08.12"]
[EventType "swiss"]
[EventRounds "9"]
[EventCountry "RUS"]
[SourceTitle "CBM 143 Extra"]
[Source "ChessBase"]
[SourceDate "2011.08.29"]
[SourceVersion "1"]
[SourceVersionDate "2011.08.29"]
[SourceQuality "1"]

1. d4 Nf6 2. Nc3 d5 3. Bg5 Nbd7 4. Qd3 g6 5. e4 dxe4 6. Nxe4 Bg7 7. Nf3 0-0 8. 0-0-0 Nb6 9. Nxf6+ exf6 10. Bd2 Re8 11. c4 Bg4 12. Bf4 c6 13. h3 Bf5 14. Qd2 Be4 15. Ne1 g5 16. Be3 Qe7 17. Nc2 h6 18. h4 Rad8 19. Re1 Qc7 20. f3 Bg6 21. g4 Nd7 22. f4 Be4 23. Bg2 Nc5 24. Bxe4 Nxe4 25. Qh2 c5 26. d5 Qa5 27. Na3 Qb4 28. Bd2 Qa4 29. hxg5 fxg5 30. fxg5 Nxd2 31. Qxd2 Rxe1+ 32. Rxe1 Qa6 33. gxh6 Bxh6 34. g5 Bg7 35. Qd3 Qd6 36. Qf3 Qh2 37. Nc2 Qh4 38. g6 Qg5+ 39. Kb1 Qxg6 40. Qe3 Qf6 41. Qb3 b6 42. a3 Kf8 43. Rd1 Ke7 44. Ne3 Kf8 45. Qc2 Qf4 46. Nf5 Be5 47. Rd2 Rd7 48. Rf2 Qg5 49. Ka2 f6 50. Qa4 Ke8 51. Qc6 Qc1 52. Qc8+ Kf7 53. Qxd7+ Kg6 54. Rg2+ 1-0

[Event "Anapa op-B"]
[Site "Anapa"]
[Date "2010.09.10"]
[Round "9"]
[White "Rudakov, Aleksander"]
[Black "Skvortsov, Alexander"]
[Result "0-1"]
[WhiteElo "1937"]
[BlackElo "2126"]
[PlyCount "82"]
[EventDate "2010.08.31"]
[EventType "swiss"]
[EventRounds "9"]
[EventCountry "RUS"]
[SourceTitle "EXT 2013"]
[Source "ChessBase"]
[SourceDate "2012.11.22"]
[SourceVersion "1"]
[SourceVersionDate "2012.11.22"]
[SourceQuality "1"]

1. e4 c5 2. Nf3 e6 3. d4 cxd4 4. Nxd4 a6 5. Nc3 Ne7 6. Be3 Nbc6 7. Qd2 Nxd4 8. Bxd4 Nc6 9. Be3 Qc7 10. Bf4 Ne5 11. a3 b5 12. Nd5 exd5 13. Qxd5 Bb7 14. Qxe5+ Qxe5 15. Bxe5 Bxe4 16. Kd2 f6 17. Bd4 Kf7 18. a4 b4 19. a5 Bd6 20. f3 Bd5 21. Be2 Rhe8 22. g3 h5 23. c4 bxc3+ 24. bxc3 h4 25. Rhg1 Rh8 26. c4 Bc6 27. c5 Bc7 28. Bc4+ Kf8 29. f4 hxg3 30. hxg3 Rh2+ 31. Kc3 Rb8 32. Kd3 f5 33. Ra2 Rxa2 34. Bxa2 Bxa5 35. g4 Bb5+ 36. Ke3 Re8+ 37. Kf3 Be2+ 38. Kg3 Bxg4 39. Be5 g5 40. Rh1 gxf4+ 41. Bxf4 Be1+ 0-1

[Event "Anapa op-B"]
[Site "Anapa"]
[Date "2010.09.08"]
[Round "7"]
[White "Malin, Denis Sergeevich"]
[Black "Skvortsov, Alexander"]
[Result "1/2-1/2"]
[WhiteElo "2040"]
[BlackElo "2126"]
[PlyCount "186"]
[EventDate "2010.08.31"]
[EventType "swiss"]
[EventRounds "9"]
[EventCountry "RUS"]
[SourceTitle "EXT 2013"]
[Source "ChessBase"]
[SourceDate "2012.11.22"]
[SourceVersion "1"]
[SourceVersionDate "2012.11.22"]
[SourceQuality "1"]

1. d4 d5 2. c4 c6 3. Nf3 Nf6 4. Nc3 a6 5. cxd5 cxd5 6. Bf4 Nc6 7. e3 Bg4 8. Bd3 e6 9. h3 Bxf3 10. Qxf3 Bd6 11. Bg5 Be7 12. 0-0 0-0 13. Rac1 h6 14. Bh4 Rc8 15. Na4 Nd7 16. Bg3 Qa5 17. Qd1 Nb4 18. Rxc8 Rxc8 19. Bb1 b5 20. Nc3 Qb6 21. a3 Nc6 22. Qd3 Nf8 23. b4 Na7 24. e4 dxe4 25. Nxe4 Rd8 26. Rc1 Nc6 27. Qc3 Nxd4 28. Bc7 Qa7 29. Qe3 Rc8 30. Nc5 Rxc7 31. Qxd4 Nd7 32. Qd3 Nf6 33. Rd1 Rc8 34. Ne4 Nxe4 35. Qxe4 g6 36. Qe5 Qb8 37. Qe3 Rd8 38. Rxd8+ Qxd8 39. Be4 Kg7 40. Qa7 Qd1+ 41. Kh2 Bd6+ 42. g3 h5 43. h4 Qd2 44. Kg2 g5 45. Qe3 Qxe3 46. fxe3 g4 47. Bb7 Be5 48. Bxa6 Bb2 49. Bxb5 Bxa3 50. Bc6 Bxb4 51. Kf2 Kf6 52. Bb5 Ba5 53. Kg2 Bd2 54. e4 Be3 55. Kf1 Bd4 56. Bd7 Be3 57. Bb5 Ke5 58. Bc6 Bd4 59. Kg2 Bb2 60. Kf2 Bd4+ 61. Kg2 Kd6 62. Be8 Ke7 63. Bc6 Bc3 64. Kf2 Kf6 65. Ke2 Bd4 66. Kf1 Ke5 67. Kg2 Bc3 68. Kf2 Bd2 69. Kg2 Be1 70. Bb7 Kd4 71. Bc6 Ke5 72. Kh2 Kf6 73. Kg2 Kg7 74. Kh2 Kh6 75. Kg2 f5 76. exf5 exf5 77. Bd7 f4 78. gxf4 Bxh4 79. Be6 Be1 80. Bd7 Kg7 81. Be6 Kf6 82. Bd7 Ke7 83. Bc8 Kd6 84. Bf5 Kd5 85. Bg6 h4 86. Bf5 g3 87. Bc8 Ke4 88. Bd7 Kxf4 89. Bc8 Ke3 90. Bd7 Bc3 91. Bc8 Bd2 92. Bd7 Be1 93. Bc8 h3+ 1/2-1/2